[Event "Joao Pessoa op 08"]
[Site "Joao Pessoa"]
[Date "2013.08.02"]
[Round "2"]
[White "Ferreira, Alexander da Silva"]
[Black "Cezar, Herbert Paulo"]
[Result "1-0"]
[WhiteElo "1718"]
[BlackElo "1778"]
[PlyCount "67"]
[EventDate "2013.08.02"]
[EventType "swiss"]
[EventRounds "6"]
[EventCountry "BRA"]
[SourceTitle "CBM 155 Extra"]
[Source "ChessBase"]
[SourceDate "2013.08.26"]
[SourceVersion "1"]
[SourceVersionDate "2013.08.26"]
[SourceQuality "1"]

1. e4 e5 2. Nf3 Nc6 3. Bc4 Bc5 4. c3 Nf6 5. d3 0-0 6. Bg5 Be7 7. Nbd2 d6 8. Nf1 Be6 9. Ne3 Ng4 10. Bxe7 Qxe7 11. Nd5 Bxd5 12. Bxd5 Nf6 13. b4 Nxd5 14. exd5 Nd8 15. Qe2 Qf6 16. 0-0 b6 17. b5 Nb7 18. Nd2 Qe7 19. d4 f6 20. f4 Rae8 21. Rae1 Qf7 22. Qf3 exd4 23. cxd4 Rxe1 24. Rxe1 Re8 25. Re4 Rxe4 26. Qxe4 f5 27. Qe6 Kf8 28. Qc8+ Qe8 29. Qxb7 Qe1+ 30. Nf1 Qe4 31. Qc8+ Kf7 32. Qxc7+ Kg6 33. Qxd6+ Kh5 34. Qe6 1-0